000 00458nam a2200169Ia 4500
003 GCL
008 140319s9999 xx 000 0 ara d
040 _aGCL /
_cGCL
082 0 4 _aد
_b050
100 1 _aيوسف خليف
245 1 0 _aالحب المثالى عند العرب(اقرا 220) /
_cيوسف خليف
300 _a104 ص
490 _aاقرأ
_v0
650 0 4 _aالحب فى الادب
650 0 4 _aالحب العذرى
942 _2ddc
_cBK
999 _c48823
_d48823